000 00325nam a2200133Ia 4500
005 20251222140031.0
008 251222s1900||||xx |||||||||||||| ||spa||
020 _a8449971209
082 _a180/A65P/1983
100 _aAquino, Santo Tomás de
245 0 _aDe los Principios de la Naturaleza
264 _bSarpe
942 _cLIB
999 _c2952
_d2952